| 000 | 01152 a2200229 4500 | ||
|---|---|---|---|
| 001 | 35249 | ||
| 005 | 20260407155636.0 | ||
| 008 | 260407a2012 arg spa d | ||
| 003 | AR-UNSa-BCEJYS | ||
| 040 |
_aAR-UNSa-BCEJYS _bspa _cAR-UNSa-BCEJYS |
||
| 080 |
_a658.012.4 _xGestión. Dirección. Autoridad. Técnicas y métodos de gestión (gestión del conocimiento, Outsourcing, Benchmarking...) |
||
| 245 | 1 | 0 |
_aBenchmarking en el sector público _pAportes y propuestas de implementación para la Provincia de Buenos Aires |
| 020 | _a978-987-33-2236-5 | ||
| 264 | 1 |
_aBuenos Aires : _b[s.n.] _c2012 |
|
| 300 |
_a48 p. _c21 cm. |
||
| 505 | _a1. Presentación - 2. La implementación de la técnica en la Provincia de Buenos Aires - 3. La teoría: modelos y enfoques de los principales autores - 4. Metodologías y prácticas institucionales - 5. El benchmarking en la Provincia de Buenos Aires - 6. Propuestas de implementación | ||
| 041 | _aspa | ||
| 942 | _cBK | ||
| 590 | _aniveau_biblio:m niveau_hierar:0 | ||
| 100 | 1 | _aDel Giorgio Solfa, Federico | |
| 856 | 4 | 1 |
_uhttps://170.210.207.44/pmb/images/libros/L125585.jpg _yImagen de portada _qimage/jpeg |
| 999 |
_c2559 _d2559 |
||